| 000 | 00509nam a2200169 i 4500 | ||
|---|---|---|---|
| 001 | 150381 | ||
| 003 | ES-MaACL | ||
| 005 | 20230906203504.0 | ||
| 007 | t| | ||
| 008 | 071030s1970 sp ||||1| spa d | ||
| 100 | 1 |
_aVal, Ricardo de. _9112431 |
|
| 245 | 1 | 0 |
_aToda la vida / _cRicardo de Val ; epílogo de J. Ombuena. |
| 260 |
_aValencia : _b[s.n.], _c1970 ( _fImp. Sucesor de Vives Mora) |
||
| 300 |
_a107 p. : _bil. ; _c19 cm. |
||
| 700 | 1 |
_aOmbuena, José. _987038 |
|
| 852 |
_aES-MaACL _jC-40043 _bR.72835 |
||
| 999 |
_c150381 _d150381 |
||